[Event "Championnat de France - Open A"]
[Site "Pau"]
[Date "2008.08.20"]
[Round "8.37"]
[White "Le Bail, Clara"]
[Black "Rodier, David"]
[Result "1/2-1/2"]
[WhiteElo "2035"]
[BlackElo "2162"]
[PlyCount "148"]

1. e4 d5 2. exd5 Qxd5 3. Nc3 Qd6 4. d4 a6 5. Nf3 Nf6 6. g3 Bg4 7. Bg2 Nc6 8. d5
Nb4 9. O-O Nbxd5 10. Nxd5 Nxd5 11. c4 Nb4 12. Bf4 Qxd1 13. Rfxd1 c5 14. Rd2 f6
15. Re1 Nc6 16. Bd6 Bxf3 17. Bxf3 Rd8 18. Bxc6+ bxc6 19. Bf4 e5 20. Rxd8+ Kxd8
21. Rd1+ Kc7 22. Bd2 Bd6 23. Ba5+ Kd7 24. Kg2 e4 25. Bb6 Ke6 26. b3 Rb8 27. Ba5
Be5 28. f3 e3 29. Re1 Bd4 30. Bd2 Kd7 31. Bxe3 Bxe3 32. Rxe3 a5 33. Kf2 a4 34.
Ke2 axb3 35. axb3 Ra8 36. Kd3 Ra3 37. Kc3 Ra2 38. Rd3+ Ke6 39. Rd2 Ra1 40. Re2+
Kf5 41. f4 h5 42. Re7 Rc1+ 43. Kd3 Rh1 44. Rxg7 Rxh2 45. Ke3 Rc2 46. Kd3 Rg2
47. Ke3 Rb2 48. Rb7 Kg4 49. Rg7+ Kf5 50. Rb7 h4 51. gxh4 Rh2 52. Rb6 Rxh4 53.
Rxc6 Rh3+ 54. Ke2 Rxb3 55. Rxc5+ Kxf4 56. Rc8 f5 57. c5 Re3+ 58. Kf2 Rc3 59.
Ke2 Ke4 60. Re8+ Kd4 61. Rd8+ Ke4 62. Re8+ Kf4 63. Rc8 Re3+ 64. Kf2 Rh3 65. Ke2
Rh2+ 66. Kd3 Kf3 67. c6 f4 68. c7 Rh7 69. Kd4 Rd7+ 70. Kc5 Kf2 71. Kc6 Rd2 72.
Rf8 Rc2+ 73. Kd6 f3 74. c8=Q Rxc8 1/2-1/2

[Event "Championnat de France - Open A"]
[Site "Pau"]
[Date "2008.08.20"]
[Round "8.38"]
[White "Loiseau, Quentin"]
[Black "Milesi, Laurent"]
[Result "1-0"]
[WhiteElo "2028"]
[BlackElo "2145"]
[PlyCount "75"]

1. e4 c5 2. Nf3 e6 3. d3 Nc6 4. g3 g6 5. Bg2 Bg7 6. O-O Nge7 7. Re1 d6 8. Nbd2
O-O 9. Nf1 Rb8 10. c3 b5 11. Bf4 b4 12. e5 dxe5 13. Nxe5 Nxe5 14. Bxe5 Bxe5 15.
Rxe5 Qd6 16. Re2 bxc3 17. bxc3 Bb7 18. Be4 Rfd8 19. Rd2 Nd5 20. Qc2 h5 21. Rb1
h4 22. d4 c4 23. Re2 Qa3 24. Bxg6 Nf6 25. Re5 Qd6 26. Nd2 Kf8 27. Bxf7 Kxf7 28.
Rg5 Qc6 29. Qg6+ Ke7 30. Qg7+ Kd6 31. Rxb7 Rxb7 32. Qxf6 Qe8 33. Rc5 Qf8 34.
Nxc4+ Kd7 35. Ne5+ Kd6 36. Rc6+ Kd5 37. Qxe6+ Ke4 38. Ng6+ 1-0

[Event "Championnat de France - Open A"]
[Site "Pau"]
[Date "2008.08.20"]
[Round "8.39"]
[White "Leitner, Walter"]
[Black "Guilbert, Jean-Louis"]
[Result "0-1"]
[WhiteElo "2126"]
[BlackElo "2003"]
[PlyCount "130"]

1. e4 c5 2. Nf3 Nc6 3. Bb5 g6 4. O-O Bg7 5. Re1 e5 6. Bxc6 dxc6 7. d3 Ne7 8.
Be3 b6 9. Nc3 O-O 10. h3 h6 11. Qd2 Kh7 12. Nh2 f5 13. f3 f4 14. Bf2 g5 15. Qe2
Be6 16. a4 Qd6 17. b3 h5 18. Nd1 a6 19. Nb2 b5 20. Red1 Ng8 21. Qe1 Nf6 22. Qc3
Nd7 23. Kf1 Kg6 24. Ke2 Rh8 25. Rg1 Kf7 26. Rad1 g4 27. hxg4 hxg4 28. Nxg4 Bxg4
29. fxg4 Qe6 30. Kd2 Qxg4 31. Kc1 Bf8 32. Qe1 Rh2 33. Qf1 Bh6 34. Kb1 Bg5 35.
Re1 Ke6 36. Qe2 Qxe2 37. Rxe2 Rg8 38. c3 Bf6 39. Rc2 Rgxg2 40. Rxg2 Rxg2 41. d4
Be7 42. Nd3 Bd6 43. dxc5 Be7 44. axb5 axb5 45. b4 Nf6 46. Bh4 Rg1+ 47. Kb2 Ng4
48. Bf2 Rd1 49. Nc1 Bg5 50. Nb3 Rf1 51. Bd4 exd4 52. Nxd4+ Kd7 53. Rg2 Rf2+ 54.
Rxf2 Nxf2 55. Nf3 Nxe4 56. Kb3 Bf6 57. c4 Ng5 58. Nd2 f3 59. cxb5 cxb5 60. Kc2
Kc6 61. Kd3 Kd5 62. Nb1 f2 63. Ke2 Ne4 64. Na3 Bd4 65. Kf1 Ng3+ 0-1

[Event "Championnat de France - Open A"]
[Site "Pau"]
[Date "2008.08.20"]
[Round "8.40"]
[White "Menneveux, Jerome"]
[Black "Jaulin, Marc"]
[Result "1-0"]
[WhiteElo "2027"]
[BlackElo "2124"]
[PlyCount "53"]

1. e4 c5 2. Nf3 d6 3. d4 cxd4 4. Nxd4 Nf6 5. Nc3 g6 6. Bc4 Bg7 7. Bb3 O-O 8. h3
a6 9. Be3 b5 10. a4 b4 11. Nd5 Bb7 12. a5 Nxe4 13. Nb6 Ra7 14. O-O Nc5 15. Bd5
e6 16. Bxb7 Rxb7 17. Qd2 e5 18. Nf3 Nc6 19. Rfd1 e4 20. Qd5 exf3 21. Qxc6 Rc7
22. Qxf3 Bxb2 23. Rab1 Bc3 24. Nd5 Rd7 25. Nxc3 bxc3 26. Bd4 Qxa5 27. Qf6 1-0

[Event "Championnat de France - Open A"]
[Site "Pau"]
[Date "2008.08.20"]
[Round "8.41"]
[White "Lemoine, Benoit"]
[Black "Robert, Bastien"]
[Result "0-1"]
[WhiteElo "2092"]
[BlackElo "2018"]
[PlyCount "62"]

1. e4 c5 2. Nf3 d6 3. d4 cxd4 4. Nxd4 Nf6 5. Nc3 a6 6. Bg5 e6 7. f4 Qb6 8. Qd2
Qxb2 9. Rb1 Qa3 10. Be2 Nbd7 11. Bxf6 Nxf6 12. e5 dxe5 13. fxe5 Nd7 14. O-O Be7
15. Nxe6 fxe6 16. Ne4 Rf8 17. Rb3 Qxa2 18. Nd6+ Bxd6 19. Qxd6 Rxf1+ 20. Bxf1
Qxc2 21. Qxe6+ Kd8 22. Rd3 Qc5+ 23. Kh1 Qe7 24. Qg8+ Kc7 25. Rc3+ Nc5 26. Rg3
Qxe5 27. Rxg7+ Kb6 28. Rg5 Qe7 29. Rg7 Qe1 30. Qd8+ Ka7 31. Qf8 Ne6 0-1

[Event "Championnat de France - Open A"]
[Site "Pau"]
[Date "2008.08.20"]
[Round "8.42"]
[White "Castro, John"]
[Black "Kharmoudi, Slimane"]
[Result "1/2-1/2"]
[WhiteElo "2014"]
[BlackElo "2087"]
[PlyCount "28"]

1. e4 c5 2. Nf3 d6 3. d4 cxd4 4. Nxd4 Nf6 5. Nc3 g6 6. Be3 Bg7 7. Bc4 O-O 8. h3
Nc6 9. O-O Bd7 10. f4 Qb6 11. Qd3 Qa5 12. Rad1 Rac8 13. Nb3 a6 14. g4 h6
1/2-1/2

[Event "Championnat de France - Open A"]
[Site "Pau"]
[Date "2008.08.20"]
[Round "8.43"]
[White "Dargagnon, Remi"]
[Black "Gras, Delphine"]
[Result "0-1"]
[WhiteElo "2079"]
[BlackElo "1993"]
[PlyCount "54"]

1. e4 c6 2. d4 d5 3. Nc3 dxe4 4. Nxe4 Bf5 5. Ng3 Bg6 6. Bc4 e6 7. N1e2 Nf6 8.
f4 Bd6 9. O-O Qc7 10. Bd3 Bxd3 11. Qxd3 O-O 12. f5 e5 13. Bg5 Nbd7 14. c3 c5
15. Kh1 exd4 16. cxd4 cxd4 17. Rac1 Qb6 18. Nxd4 Ne5 19. Qd1 Neg4 20. Nh5 Be5
21. Bxf6 Nxf6 22. Nxf6+ Bxf6 23. Nb3 Bxb2 24. Rc5 Rad8 25. Qe2 Ba3 26. Re5 Rd6
27. Ra5 Bb4 0-1

[Event "Championnat de France - Open A"]
[Site "Pau"]
[Date "2008.08.20"]
[Round "8.44"]
[White "Bruneau, Francois"]
[Black "Bourdeaud'Huy, Thomas"]
[Result "1/2-1/2"]
[WhiteElo "2002"]
[BlackElo "2052"]
[PlyCount "125"]

1. e4 g6 2. d4 Bg7 3. Nf3 d6 4. h3 c5 5. c3 Qa5 6. Be3 cxd4 7. Bxd4 Nf6 8. e5
dxe5 9. Nxe5 O-O 10. Bc4 e6 11. O-O Nfd7 12. Nxd7 Nxd7 13. Bxg7 Kxg7 14. Nd2
Qc7 15. Re1 b6 16. Qg4 Nf6 17. Qh4 Bb7 18. Be2 Rad8 19. Rad1 Rd7 20. Bf3 Rfd8
21. Ne4 Bxe4 22. Rxd7 Qxd7 23. Bxe4 Qd2 24. Rb1 Qe2 25. Bf3 Qc2 26. Rf1 Qxb2
27. Qa4 a5 28. Qb3 Qxb3 29. axb3 Rd3 30. Rc1 Nd5 31. Bxd5 Rxd5 32. c4 Rc5 33.
Rd1 b5 34. cxb5 Rxb5 35. Rd3 Rd5 36. Rc3 Rd1+ 37. Kh2 Kf6 38. Rc7 Rd8 39. Rb7
h5 40. f3 e5 41. b4 axb4 42. Rxb4 Rd4 43. Rb8 h4 44. Re8 Kf5 45. Re7 f6 46. Re8
Rd2 47. Rh8 Kg5 48. Re8 Rd1 49. Re7 Re1 50. Ra7 f5 51. Ra5 Kf4 52. Ra6 Kg5 53.
Ra5 Kh6 54. Ra2 e4 55. fxe4 fxe4 56. g3 Re3 57. gxh4 Kh5 58. Rg2 Kxh4 59. Rxg6
Rxh3+ 60. Kg2 Ra3 61. Kf2 Rf3+ 62. Ke2 Rf5 63. Ke3 1/2-1/2

[Event "Championnat de France - Open A"]
[Site "Pau"]
[Date "2008.08.20"]
[Round "8.45"]
[White "Lahilhanne, Philippe"]
[Black "Neri, Jean-Baptiste"]
[Result "1-0"]
[WhiteElo "2051"]
[BlackElo "1928"]
[PlyCount "77"]

1. e4 c5 2. g3 a6 3. Bg2 Qc7 4. Nh3 b5 5. f3 Bb7 6. d3 e6 7. Nf2 Nf6 8. O-O d5
9. Qe2 Be7 10. Re1 Nc6 11. c3 d4 12. Nd2 O-O 13. Nf1 Rad8 14. f4 dxc3 15. bxc3
b4 16. cxb4 Nd4 17. Qb2 cxb4 18. Be3 Qc3 19. Qxc3 bxc3 20. e5 Bxg2 21. Kxg2 Ne8
22. Rec1 Ba3 23. Rxc3 Bb2 24. Rac1 Bxc1 25. Rxc1 f5 26. Rc4 Nb5 27. Rc6 Nbc7
28. Bb6 Rf7 29. Ne3 Rb8 30. Nc4 Nd5 31. Rxe6 Nxb6 32. Nxb6 Nc7 33. Rc6 Nb5 34.
Nc4 a5 35. a4 Nc7 36. Nd6 Rd7 37. Nxf5 Nd5 38. Rc5 Nb4 39. d4 1-0

[Event "Championnat de France - Open A"]
[Site "Pau"]
[Date "2008.08.20"]
[Round "8.47"]
[White "Kieffer, Christian"]
[Black "Samoun, Florent"]
[Result "1/2-1/2"]
[WhiteElo "2148"]
[BlackElo "2006"]
[PlyCount "113"]

1. e4 Nf6 2. Nc3 e5 3. Nf3 Nc6 4. Bb5 Bb4 5. O-O d6 6. Nd5 Bc5 7. d3 a6 8. Ba4
Bg4 9. h3 Bxf3 10. Qxf3 b5 11. Bb3 Nd4 12. Nxf6+ Qxf6 13. Qxf6 gxf6 14. Be3 Rg8
15. Bxd4 Bxd4 16. c3 Bb6 17. Kh2 Ke7 18. a4 bxa4 19. Rxa4 Rg5 20. g3 a5 21. Bc4
Rag8 22. b3 f5 23. Ra2 f4 24. g4 f3 25. Kg3 h5 26. Kxf3 hxg4+ 27. hxg4 Rxg4 28.
Ke2 Rg2 29. Rd2 Rh2 30. Ke1 Rgg2 31. Re2 Kf6 32. Rd2 Kg6 33. Bd5 f6 34. Re2 Kh5
35. Be6 Kh4 36. Rd2 Kg5 37. Bd7 Kf4 38. Bc6 Kf3 39. d4 Kf4 40. Rd3 Ba7 41. Ke2
Bb6 42. Rf3+ Kg5 43. Ke3 Kg6 44. Rb1 Kg7 45. Rd1 Kg6 46. Rf1 Kg7 47. Kd3 Kg6
48. Kc4 Kg7 49. Bd7 Rh4 50. Bh3 Rg5 51. Bf5 Kf7 52. Rh3 Rxh3 53. Bxh3 Rh5 54.
Bf5 Rh2 55. dxe5 fxe5 56. f4 Kf6 57. fxe5+ 1/2-1/2

[Event "Championnat de France - Open A"]
[Site "Pau"]
[Date "2008.08.20"]
[Round "8.48"]
[White "Lachique, Francois"]
[Black "Bollard, Maxime"]
[Result "1-0"]
[WhiteElo "2104"]
[BlackElo "1980"]
[PlyCount "179"]

1. d4 d6 2. Nf3 g6 3. c4 Bg7 4. Nc3 c5 5. d5 Bxc3+ 6. bxc3 f5 7. h4 Nf6 8. Bg5
Nbd7 9. h5 Rg8 10. hxg6 hxg6 11. e3 Qa5 12. Rc1 Ne4 13. Bd3 Ndf6 14. Bxe4 Nxe4
15. Qb3 b6 16. Rh7 Nxg5 17. Nxg5 Bd7 18. Kd2 Qa4 19. Rch1 Qxb3 20. axb3 Kd8 21.
Ne6+ Bxe6 22. dxe6 a6 23. Rf7 b5 24. Rhh7 Re8 25. Rfg7 bxc4 26. bxc4 Rb8 27.
Kc2 a5 28. Rxg6 a4 29. Rh1 Kc7 30. Ra1 Ra8 31. Ra3 Kc6 32. Rg5 Rf8 33. Rg7 Ra7
34. Rf7 Rg8 35. g3 Rg5 36. Rf8 Rh5 37. Kd3 Rg5 38. Rh8 Rg6 39. Rh5 Rf6 40. Rh1
Rxe6 41. Rha1 Rh6 42. Rxa4 Rxa4 43. Rxa4 Kd7 44. e4 Ke6 45. Ke3 fxe4 46. Kxe4
Rh1 47. Ra2 Rc1 48. Kd3 Kf5 49. Re2 e5 50. Re3 Rg1 51. Rf3+ Ke6 52. Ke4 Ra1 53.
Re3 Ra4 54. Kd3 Ra1 55. f4 Ra8 56. g4 Rg8 57. f5+ Kf6 58. Rg3 Kg5 59. Ke4 Rf8
60. Kd5 Rf6 61. Rg1 Rh6 62. Kc6 Rf6 63. Kd7 e4 64. Ke7 Rh6 65. Rf1 e3 66. f6 e2
67. Re1 Rxf6 68. Rxe2 Rf4 69. Kxd6 Rxc4 70. Re5+ Kxg4 71. Rxc5 Ra4 72. Kd5 Kf5
73. c4 Kf6 74. Kd6 Ra8 75. Rc6 Ra1 76. c5 Rd1+ 77. Kc7+ Ke7 78. Rh6 Rd7+ 79.
Kb6 Rd1 80. c6 Rb1+ 81. Kc7 Rc1 82. Kb7 Rb1+ 83. Kc8 Rc1 84. c7 Rc2 85. Rh4 Rc1
86. Re4+ Kd6 87. Rd4+ Ke7 88. Rb4 Kd6 89. Rb6+ Ke7 90. Rb7 1-0

[Event "Championnat de France - Open A"]
[Site "Pau"]
[Date "2008.08.20"]
[Round "8.49"]
[White "Daspres, Loic"]
[Black "Rodon, Gurvan"]
[Result "1-0"]
[WhiteElo "2060"]
[BlackElo "1989"]
[PlyCount "73"]

1. e4 c5 2. Nc3 Nc6 3. g3 g6 4. Bg2 Bg7 5. Nge2 e5 6. O-O Nge7 7. d3 O-O 8. f4
d6 9. Be3 Nd4 10. Qd2 Be6 11. fxe5 dxe5 12. Nd1 b6 13. c3 Ndc6 14. Nf2 Qd7 15.
Kh1 Rad8 16. Rfd1 Qc8 17. Bh6 Rd6 18. Bxg7 Kxg7 19. Qc2 Rfd8 20. Rd2 Qa6 21. b3
c4 22. bxc4 Bxc4 23. Rad1 Bb5 24. Nc1 Qa3 25. Qb3 Qa6 26. Qb2 Na5 27. c4 Bxc4
28. Qxe5+ f6 29. Qxe7+ Bf7 30. e5 R8d7 31. exf6+ Kg8 32. Qe3 Rxf6 33. Ne4 Re6
34. Bh3 Qb7 35. Bxe6 Bxe6 36. Kg1 Kg7 37. Rf2 1-0

[Event "Championnat de France - Open A"]
[Site "Pau"]
[Date "2008.08.20"]
[Round "8.50"]
[White "Baudon, Sebastien"]
[Black "Noizat, Pierre"]
[Result "0-1"]
[WhiteElo "2009"]
[BlackElo "2045"]
[PlyCount "94"]

1. g3 g6 2. Bg2 Bg7 3. c4 c5 4. Nc3 Nc6 5. d3 d6 6. e4 Nh6 7. f4 f5 8. Nge2 O-O
9. O-O Kh8 10. Rb1 Rb8 11. a3 Bd7 12. Kh1 a6 13. b4 Nd4 14. bxc5 Nxe2 15. Nxe2
dxc5 16. e5 Qc7 17. Nc3 e6 18. Rf2 Rfd8 19. h3 Bc6 20. Be3 Bf8 21. Rd2 Nf7 22.
Qb3 b5 23. cxb5 axb5 24. Qxe6 Bxg2+ 25. Kxg2 b4 26. axb4 cxb4 27. Nd1 Qb7+ 28.
Kg1 Rd5 29. Nb2 Nd8 30. Qf6+ Bg7 31. Qh4 Ne6 32. g4 g5 33. fxg5 f4 34. Bf2 Rxe5
35. g6 Ng5 36. Kf1 Qh1+ 37. Bg1 Qxg1+ 38. Kxg1 Nf3+ 39. Kf2 Nxh4 40. Nc4 Rd5
41. gxh7 Kxh7 42. Rb3 Bd4+ 43. Kf1 Ra8 44. Rd1 Ra2 45. Nd2 f3 46. Rxb4 Be3 47.
Ne4 Rh2 0-1

[Event "Championnat de France - Open A"]
[Site "Pau"]
[Date "2008.08.20"]
[Round "8.51"]
[White "Sauvadet, Herve"]
[Black "Fourcand, Pierre"]
[Result "1/2-1/2"]
[WhiteElo "2041"]
[BlackElo "1933"]
[PlyCount "167"]

1. e4 c5 2. Nc3 Nc6 3. g3 g6 4. Bg2 Bg7 5. d3 d6 6. f4 Nf6 7. Nf3 Bg4 8. h3
Bxf3 9. Qxf3 Nd4 10. Qf2 Rb8 11. Be3 Nd7 12. O-O O-O 13. Nd1 b5 14. c3 Nc6 15.
d4 cxd4 16. cxd4 Nb6 17. b3 e5 18. dxe5 dxe5 19. f5 Bf6 20. Bh6 Bg7 21. Bxg7
Kxg7 22. f6+ Kg8 23. Ne3 Qd6 24. Rad1 Qa3 25. Ng4 Rfd8 26. Qe3 Qf8 27. Qg5 Rxd1
28. Nh6+ Kh8 29. Rxd1 Re8 30. h4 Nd4 31. Ng4 Nd7 32. Rf1 Ne6 33. Qd2 Rd8 34.
Qe2 h5 35. Ne3 Nd4 36. Qd2 Nxf6 37. Qf2 Rd6 38. Rc1 Qe7 39. Kh1 Kg7 40. Re1 Rc6
41. Nd5 Nxd5 42. exd5 Rc7 43. Re4 Qd6 44. Qe1 f6 45. g4 hxg4 46. Rxg4 f5 47.
Rg5 Kf6 48. Qg3 Rg7 49. h5 Kf7 50. Qh2 Qf6 51. hxg6+ Rxg6 52. Rh5 Ke7 53. Rh7+
Rg7 54. Rh6 Rxg2 55. d6+ Kd8 56. Rh8+ Kd7 57. Kxg2 Qg5+ 58. Qg3 Qxg3+ 59. Kxg3
Kxd6 60. Ra8 Nc6 61. Rf8 f4+ 62. Kf2 Nd4 63. Rd8+ Kc5 64. Rd7 a5 65. Re7 Nc6
66. Rc7 Kd6 67. Rh7 b4 68. Kf3 Nd4+ 69. Ke4 Ne2 70. Rh6+ Kc5 71. Ra6 Kb5 72.
Rf6 Nc3+ 73. Kxe5 Nxa2 74. Rxf4 Nc1 75. Rf3 Nxb3 76. Rxb3 Kc4 77. Rb1 b3 78.
Rc1+ Kb4 79. Kd4 b2 80. Rc7 Kb3 81. Rb7+ Ka2 82. Kc3 b1=Q 83. Rxb1 Kxb1 84. Kb3
1/2-1/2

[Event "Championnat de France - Open A"]
[Site "Pau"]
[Date "2008.08.20"]
[Round "8.52"]
[White "Lamard, Guillaume"]
[Black "Coustance, Kevin"]
[Result "1-0"]
[WhiteElo "2001"]
[BlackElo "2034"]
[PlyCount "101"]

1. d4 c5 2. d5 Nf6 3. c4 e5 4. Nc3 d6 5. e4 Be7 6. g3 O-O 7. Bg2 Nbd7 8. Nge2
Ne8 9. O-O g6 10. f4 Ng7 11. Be3 f5 12. Nc1 a6 13. Nd3 Bf6 14. Qd2 Nb6 15. b3
Nd7 16. Rac1 Re8 17. Rfe1 Rb8 18. a4 Qa5 19. Kh1 Kh8 20. fxe5 Nxe5 21. Bf4 Qb6
22. Bxe5 Bxe5 23. exf5 Nxf5 24. Nxe5 dxe5 25. Ne4 Nd4 26. Rc3 Bf5 27. Ng5 Kg7
28. Be4 Qf6 29. Qe3 b5 30. cxb5 h6 31. Ne6+ Bxe6 32. dxe6 Qxe6 33. Rxc5 Qb6 34.
Rec1 Re7 35. b4 axb5 36. a5 Qf6 37. Kg2 Rf8 38. Ra1 Qe6 39. a6 Ra7 40. Bb7 Rf5
41. Bc8 Qb3 42. Qxb3 Nxb3 43. Bxf5 Nxa1 44. Bc8 Kf6 45. Rxb5 e4 46. Rb6+ Ke5
47. b5 Nc2 48. Re6+ Kd5 49. b6 Rf7 50. a7 Ne3+ 51. Kh3 1-0

[Event "Championnat de France - Open A"]
[Site "Pau"]
[Date "2008.08.20"]
[Round "8.53"]
[White "Charpentier, Denis"]
[Black "Bressac, Stephane"]
[Result "1/2-1/2"]
[WhiteElo "1974"]
[BlackElo "2028"]
[PlyCount "107"]

1. e4 c5 2. Nf3 e6 3. d3 Nc6 4. g3 g6 5. Bg2 Bg7 6. O-O Nge7 7. Nbd2 O-O 8. Rb1
e5 9. Nc4 d6 10. Nh4 Be6 11. b3 f5 12. f4 Rc8 13. Bd2 b5 14. Ne3 exf4 15. gxf4
Rc7 16. Qe1 d5 17. exf5 gxf5 18. Nc4 Bc8 19. Ne5 Nxe5 20. fxe5 b4 21. Kh1 Ng6
22. Nxg6 hxg6 23. Qg3 Rc6 24. Bg5 Qd7 25. Rbe1 Re6 26. h4 Bb7 27. Kg1 Rfe8 28.
Bf4 Qf7 29. Rf2 Kf8 30. Bf3 d4 31. Bxb7 Qxb7 32. Rg2 Qd5 33. h5 Bxe5 34. Rxe5
Rxe5 35. Bxe5 Qxe5 36. Qxe5 Rxe5 37. Rxg6 Kf7 38. Rc6 f4 39. h6 f3 40. h7 Kg7
41. Rc7+ Kh8 42. Kf1 Re2 43. Rxc5 Kxh7 44. Rc4 a5 45. Rc5 Kg6 46. Rxa5 Rxc2 47.
Rd5 Rxa2 48. Rxd4 Rd2 49. Ke1 f2+ 50. Kf1 Kf5 51. Rxb4 Ke5 52. Re4+ Kd5 53. Re8
Rxd3 54. Rd8+ 1/2-1/2

[Event "Championnat de France - Open A"]
[Site "Pau"]
[Date "2008.08.20"]
[Round "8.54"]
[White "Bekhouche, Christophe"]
[Black "Denous, Cyprien"]
[Result "1-0"]
[WhiteElo "1973"]
[BlackElo "2028"]
[PlyCount "151"]

1. Nf3 d5 2. g3 Nf6 3. Bg2 c5 4. O-O Nc6 5. d4 e6 6. c4 dxc4 7. Na3 Be7 8. dxc5
O-O 9. Bf4 Nd5 10. Nxc4 Bxc5 11. Nfe5 Nxf4 12. gxf4 Qe7 13. Rc1 Rd8 14. Nxc6
bxc6 15. Qc2 Bd4 16. Rfd1 Qc7 17. Qe4 Bf6 18. Qxc6 Rxd1+ 19. Rxd1 Qxc6 20. Bxc6
Rb8 21. b3 g5 22. fxg5 Bxg5 23. Kg2 Kg7 24. Kf3 f5 25. e4 fxe4+ 26. Kxe4 Kf6
27. f4 Bh6 28. Rd8 a5 29. Nxa5 Rb4+ 30. Nc4 Ba6 31. Rd4 Bf8 32. Ne3 Rb6 33.
Ng4+ Kg6 34. Be8+ Kg7 35. Rd7+ Kh8 36. Rf7 Bg7 37. Bd7 Rd6 38. Re7 Bf8 39. Rf7
Kg8 40. Be8 Bg7 41. Rd7 Rxd7 42. Bxd7 Bb7+ 43. Kd3 Ba6+ 44. Kc2 Kf7 45. b4 Ke7
46. Bc6 Be2 47. h3 Bf1 48. h4 Bh3 49. Ne3 Bh6 50. Bg2 Bxf4 51. Bxh3 Bxe3 52.
Kd3 Bf2 53. h5 Kd6 54. a4 e5 55. Ke4 Be1 56. b5 Ba5 57. Kf5 Bc3 58. Bg2 Ba5 59.
Kf6 h6 60. Bc6 Bd2 61. Kf5 Ba5 62. Kg6 Bd2 63. a5 Bxa5 64. Kxh6 Kc5 65. Kg5
Bd2+ 66. Kf5 Bf4 67. Ke4 Kb6 68. Kd5 Kc7 69. Kc4 Kb6 70. Bf3 Bg5 71. Be2 Kc7
72. Kd5 Bf4 73. Ke6 Kb6 74. Kf7 Kc5 75. Kg7 Kd6 76. h6 1-0

[Event "Championnat de France - Open A"]
[Site "Pau"]
[Date "2008.08.20"]
[Round "8.55"]
[White "Achereiner, Guillaume"]
[Black "Eid, Maha"]
[Result "1-0"]
[WhiteElo "2025"]
[BlackElo "1953"]
[PlyCount "69"]

1. d4 Nf6 2. Nf3 e6 3. c4 b6 4. Nc3 Bb4 5. Qc2 Bb7 6. a3 Bxc3+ 7. Qxc3 Ne4 8.
Qc2 O-O 9. e3 f5 10. Be2 d6 11. b4 a5 12. Bb2 Nd7 13. O-O Qe7 14. Nd2 axb4 15.
axb4 Rxa1 16. Bxa1 Ndf6 17. f3 Nxd2 18. Qxd2 e5 19. dxe5 dxe5 20. Qc3 Rd8 21.
Rd1 f4 22. c5 Kh8 23. c6 Bc8 24. e4 g5 25. g4 h5 26. h3 hxg4 27. fxg4 Qh7 28.
Kg2 Kg7 29. Rh1 Qg6 30. Qd3 Qf7 31. Qc4 Be6 32. Qb5 Ra8 33. Qxe5 Ra2 34. Qxg5+
Kf8 35. Bxf6 1-0

[Event "Championnat de France - Open A"]
[Site "Pau"]
[Date "2008.08.20"]
[Round "8.56"]
[White "Budin, Florent"]
[Black "Csomos, Romain"]
[Result "0-1"]
[WhiteElo "1973"]
[BlackElo "2011"]
[PlyCount "96"]

1. d4 f5 2. Nf3 Nf6 3. g3 b6 4. Bg2 Bb7 5. c4 e6 6. O-O Be7 7. Nc3 d6 8. d5 e5
9. Ng5 Bc8 10. Ne6 Bxe6 11. dxe6 c6 12. Qa4 Qc8 13. e4 fxe4 14. Nxe4 Qxe6 15.
Nxf6+ gxf6 16. Bxc6+ Nxc6 17. Qxc6+ Kf7 18. b3 h5 19. f4 f5 20. Bb2 Rhc8 21.
Qf3 Kg6 22. fxe5 dxe5 23. Rae1 Bc5+ 24. Kh1 e4 25. Qc3 Rg8 26. Re2 Rad8 27. Qe5
Qxe5 28. Bxe5 Rd3 29. Bf4 Rgd8 30. Kg2 a5 31. Rb1 Kf6 32. Rbb2 Ke6 33. Kh3 h4
34. Rbd2 hxg3 35. Rxd3 gxh2 36. Kxh2 Rxd3 37. Kg2 Rd1 38. Kh3 Bd6 39. Bxd6 Rxd6
40. Kg2 Ke5 41. Rc2 f4 42. Kf1 Rc6 43. Ke2 Rh6 44. Kf1 Rc6 45. Ke1 e3 46. Rh2
Ke4 47. Rh8 Rg6 48. Re8+ Kf3 0-1

[Event "Championnat de France - Open A"]
[Site "Pau"]
[Date "2008.08.20"]
[Round "8.57"]
[White "Muratet, Lucas"]
[Black "Beaucoudray, Marc"]
[Result "0-1"]
[WhiteElo "1934"]
[BlackElo "2010"]
[PlyCount "60"]

1. e4 e5 2. Nf3 Nc6 3. Bb5 f5 4. d3 fxe4 5. dxe4 Nf6 6. O-O d6 7. Nc3 Be7 8.
Be3 Bg4 9. Re1 a6 10. Be2 h6 11. h3 Be6 12. Nh4 g5 13. Nf3 g4 14. hxg4 Nxg4 15.
Bc1 Nf6 16. Nh4 Qd7 17. Ng6 Rg8 18. Nxe7 Qxe7 19. Nd5 Qg7 20. Nxf6+ Qxf6 21.
Be3 O-O-O 22. Bf1 Qg6 23. Rb1 h5 24. b4 h4 25. b5 axb5 26. Rxb5 Bc4 27. Qf3
Bxb5 28. Bxb5 Rdf8 29. Qh3+ Qg4 30. Qxg4+ Rxg4 0-1

[Event "Championnat de France - Open A"]
[Site "Pau"]
[Date "2008.08.20"]
[Round "8.58"]
[White "Durandeau, Jean-Marie"]
[Black "Licayan, Albert"]
[Result "1-0"]
[WhiteElo "1956"]
[BlackElo "2139"]
[PlyCount "99"]

1. e4 c5 2. Nf3 e6 3. d4 cxd4 4. Nxd4 Nc6 5. Nc3 Nf6 6. Ndb5 Bb4 7. a3 Bxc3+ 8.
Nxc3 d5 9. exd5 exd5 10. Bg5 Be6 11. Nb5 O-O 12. Nd4 Re8 13. Be2 h6 14. Bxf6
Qxf6 15. c3 Bd7 16. Nxc6 bxc6 17. O-O Rab8 18. Qd2 Be6 19. b4 Red8 20. Qd4 Qe7
21. Rfe1 Rdc8 22. Bg4 c5 23. Qxd5 Rd8 24. Qe5 cxb4 25. axb4 Rb6 26. Qa5 Rd2 27.
Bxe6 Rxe6 28. Rxe6 fxe6 29. Qe5 Qd6 30. Qxd6 Rxd6 31. Kf1 a6 32. Ke2 Kf7 33.
Ke3 Ke7 34. c4 Kd7 35. c5 Rc6 36. Kd4 Ke7 37. Ke5 Kf7 38. Kd4 Ke7 39. Kc4 Kd7
40. b5 axb5+ 41. Kxb5 Rc7 42. Rd1+ Kc8 43. Rd3 Kb7 44. f3 g5 45. Rd8 h5 46. c6+
Ka7 47. Rd7 Kb8 48. Kb6 Rc8 49. Rb7+ Ka8 50. Ra7+ 1-0

[Event "Championnat de France - Open A"]
[Site "Pau"]
[Date "2008.08.20"]
[Round "8.59"]
[White "Zaninetti, Laurent"]
[Black "Gaubil, Olivier"]
[Result "1/2-1/2"]
[WhiteElo "2013"]
[BlackElo "2154"]
[PlyCount "82"]

1. Nf3 Nf6 2. c4 g6 3. g3 Bg7 4. Bg2 O-O 5. O-O d6 6. Nc3 c6 7. d3 Na6 8. e4
Nd7 9. Be3 Nc7 10. d4 b5 11. cxb5 cxb5 12. Qb3 Ba6 13. Rfd1 Rb8 14. e5 b4 15.
exd6 exd6 16. Ne4 d5 17. Ned2 Qe7 18. Bf4 Nb6 19. Rac1 Rfc8 20. Bh3 f5 21. Re1
Qd7 22. Qxb4 Bf8 23. Qa5 Nc4 24. Nxc4 Bb4 25. Nce5 Qe8 26. Nc6 Qxe1+ 27. Nxe1
Bxa5 28. Nxb8 Rxb8 29. Bxc7 Rc8 30. Bxa5 Rxc1 31. Bc3 Bc4 32. a3 f4 33. gxf4
Kf7 34. Bf1 Bxf1 35. Kxf1 Kf6 36. Ke2 Kf5 37. h3 Rb1 38. Kf3 Rd1 39. Ng2 Rf1
40. Ne3+ Ke6 41. Kg2 Rb1 1/2-1/2

[Event "Championnat de France - Open A"]
[Site "Pau"]
[Date "2008.08.20"]
[Round "8.60"]
[White "Forgues, Valerie"]
[Black "Cramer, Stephen"]
[Result "1-0"]
[WhiteElo "1999"]
[BlackElo "2090"]
[PlyCount "109"]

1. e4 e5 2. Nf3 Nc6 3. Bb5 a6 4. Ba4 b5 5. Bb3 Nf6 6. O-O d6 7. Re1 Bg4 8. c3
Be7 9. d3 O-O 10. Nbd2 Re8 11. Nf1 Rb8 12. Ng3 Na5 13. Bc2 c6 14. h3 Be6 15. d4
Qc7 16. Nh4 Red8 17. Ngf5 Ne8 18. d5 Bxf5 19. Nxf5 Bf6 20. Qg4 Rd7 21. a4 Nc4
22. axb5 axb5 23. b3 Nb6 24. dxc6 Qxc6 25. Bd2 Nc8 26. Ra2 Ne7 27. Ne3 Rdd8 28.
Rea1 Nc7 29. Qf3 Ng6 30. Bd3 Ra8 31. Nd5 Rxa2 32. Nxf6+ gxf6 33. Rxa2 Kg7 34.
Qg4 Qe8 35. Ra7 Ne6 36. Bxb5 Qxb5 37. Qxe6 Qe8 38. Qxe8 Rxe8 39. Rd7 Rb8 40. b4
Rb6 41. c4 Nf8 42. Rc7 Ne6 43. Rc8 Kg6 44. b5 f5 45. exf5+ Kxf5 46. Ba5 Rb7 47.
Rc6 Nd4 48. Rxd6 Nxb5 49. cxb5 Rxb5 50. Bd8 Rb7 51. Rh6 Rb8 52. Bc7 Rb7 53. Bd8
Rb8 54. Bh4 e4 55. g4+ 1-0

[Event "Championnat de France - Open A"]
[Site "Pau"]
[Date "2008.08.20"]
[Round "8.61"]
[White "Ane, Regis"]
[Black "Vignier, Pascal"]
[Result "0-1"]
[WhiteElo "1993"]
[BlackElo "2068"]
[PlyCount "63"]

1. e4 Nf6 2. e5 Nd5 3. d4 d6 4. c4 Nb6 5. exd6 cxd6 6. Nc3 g6 7. Be3 Bg7 8. Rc1
O-O 9. b3 e5 10. dxe5 dxe5 11. Qxd8 Rxd8 12. Be2 Nc6 13. Nb5 Nd4 14. Nxd4 exd4
15. Bg5 f6 16. Bd2 Re8 17. Kf1 Bf5 18. g4 Be6 19. Bf3 Red8 20. Ne2 Bc8 21. Ng3
Nd7 22. h3 Ne5 23. Be4 Kh8 24. Kg2 Bf8 25. c5 Bg7 26. Ba5 Rd7 27. Rhd1 Nc6 28.
Bd2 Re7 29. f3 Re5 30. b4 f5 31. Bf4 fxe4 32. Bxe5 {suite illisible} 0-1